| 000 | 00717nam a2200121Ia 4500 | ||
|---|---|---|---|
| 008 | 220616s9999||||xx |||||||||||||| ||und|| | ||
| 245 | 0 |
_aVocational Education and Training in the Age of Digitization _bChallenges and Opportunities |
|
| 546 | _aEnglish[eng] | ||
| 650 | _aArbeitswelt; berufliche Bildung und Ausbildung; digital media; digitale Medien; Digitalisierung; digitalization; instructional technology; learning in the digital age; Lernen im digitalen Zeitalter; Unterrichtstechnologie; vocational education and training; world of work | ||
| 700 | _aWuttke, Eveline||Seifried, Jürgen||Niegemann, Helmut M. | ||
| 856 | _uhttps://library.oapen.org/bitstream/20.500.12657/42706/1/9783847413356.pdf | ||
| 942 | _cEB | ||
| 999 |
_c20926 _d20926 |
||